00257nam a2200109Ia 4500008004100000100002300041245002900064260001800093650001200111942000700123999001700130190216s9999||||xx |||||||||||||| ||und|| aM T Vasudevan Nair 0aOru Vadakkan Veera Gatha bMalbery Books aNadakam cBK c26584d26584